| 000 | 00386nam a22001337a 4500 | ||
|---|---|---|---|
| 082 |
_a297623 _bFAZ _cL31,p77 |
||
| 100 | 1 |
_aAhmad, Fazl. _937392 |
|
| 245 | 1 | 0 |
_aAbu Bakr : _bthe first caliph of Islam _cFazl Ahmad. |
| 260 |
_aLahore: _bSheikh Muhammad Ashraf. _c1968 |
||
| 300 |
_a100 p. ; _c20 cm. |
||
| 526 |
_a0 _b0 _c0 _d297623_000000000000000_FAZ |
||
| 650 |
_aMCE _9379 |
||
| 942 |
_2ddc _cBK |
||
| 999 |
_c542313 _d542313 |
||